Opciones Reales Enfoque para las decisiones de inversin̤ bajo alta incertidumbre /

Bibliographic Details
Main Author: Contreras Andreoli, Hernǹ
Format: eBook
Language:Spanish
Published: Bogot:̀ Ediciones de la U, 2013
Subjects:
Online Access:Acceso restringido

MARC

LEADER 00000nam a22000007a 4500
005 20181030112540.0
007 cr|||| ||||
008 181030s2013 co |||||s|||| 00||0 spa d
035 |a 22089 
040 |a vLex 
090 |c 8220  |d 8220 
100 1 |a Contreras Andreoli, Hernǹ 
245 1 0 |a Opciones Reales  |h [Recurso electrn̤ico] :  |b Enfoque para las decisiones de inversin̤ bajo alta incertidumbre /  |c Hernǹ Contreras Andreoli, Guillermo Muǫz Rojas 
256 |a Servicio en ln̕ea 
260 |a Bogot:̀  |b Ediciones de la U,  |c 2013 
300 |a 1 recurso electrn̤ico 
506 1 |a Disponible solo en los productos indicados  |d vLex Global  |d vLex Global (Academic Edition, excluding Law Schools)  |d vLex Global (U.S. Academic Edition, Law Schools)  |d vLex Global (U.S. Academic Edition, excluding Law Schools)  |d vLex Global (Academic Edition, Law Schools) 
650 0 4 |a Economa̕ y negocios  |z Colombia 
650 0 4 |a Banca y finanzas  |z Colombia 
740 0 |a vLex Libros (Servicio en ln̕ea) 
856 4 0 |u http://vlex.com/source/opciones-reales-enfoque-para-las-decisiones-de-inversion-bajo-alta-incertidumbre-22089  |z Acceso restringido 
942 |c BOOK 
999 0 |a Economy and business 
999 0 |a Banking and finance